000 00596nam a2200205 a 4500
005 20220328111136.0
008 991125s1976 es 000 0 spa u
020 _a8420616389
035 _aUPN01000045521
049 _aCG
050 4 _aHM33
_bG5.68
100 1 _aGiddens, Anthony,
_d1938-
_928380
245 1 0 _aPolítica y sociología en Max Weber /
_cAnthony Giddens ; tr. Andrés Linares.
260 _aMadrid :
_bAlianza,
_c1976.
300 _a99 p.
440 3 _aEl libro de bolsillo ;
_v638
600 1 4 _aWEBER, MAX,
_d1864-1920
650 4 _aSOCIOLOGIA POLITICA
_96017
905 _aLibro
999 _c45521
_d45521